| 000 | 00471nam a2200193Ia 4500 | ||
|---|---|---|---|
| 008 | 151121s9999||||xx |||||||||||||| ||und|| | ||
| 082 | _a823/Ful | ||
| 082 | _bHNW-67144 | ||
| 100 | _aFuller Edmand -Edi। | ||
| 245 | _aMark Twain | ||
| 260 | _b"Dell Publishing Co।, N। York।" | ||
| 260 | _c-- | ||
| 300 | _a382 | ||
| 600 | _aFuller Edmand -Edi। | ||
| 630 | _aMark Twain | ||
| 700 | _aFuller Edmand -Edi। | ||
| 730 | _aMark Twain | ||
| 942 | _cBOOK | ||
| 999 |
_c1248640 _d1248637 |
||